[Event "Belgrade"]
[Site "Belgrade"]
[Date "1994.??.??"]
[Round "1"]
[White "Ilincic, Zlatko"]
[Black "Velimirovic, Dragoljub"]
[Result "0-1"]
[WhiteElo "2555"]
[BlackElo "2525"]
[Annotator "Stohl,I"]
[PlyCount "96"]
[EventDate "1994.??.??"]
[EventType "tourn"]
[EventRounds "9"]
[EventCountry "YUG"]
[EventCategory "12"]
[Source "ChessBase"]
[SourceDate "1994.12.01"]
[WhiteTeamCountry "YUG"]
[BlackTeamCountry "YUG"]

1. d4 Nf6 2. c4 c5 3. d5 g6 4. Nc3 Bg7 5. Nf3 O-O 6. g3 d6 7. Bg2 e6 8. O-O
exd5 9. cxd5 Nbd7 10. Nd2 Re8 (10... Ne8 11. a4 Rb8 12. Qc2 a6 13. a5 Nc7 14.
Nc4 Ne5 15. Na3 f5 16. h3 g5 17. f4 gxf4 18. gxf4 Ng6 19. Kh2 Bd7 20. Rg1 Ne8
21. Nc4 Bb5 22. Nb6 Qh4 23. e3 Nf6 24. Bf3 Rbe8 25. Qg2 $14 {
Ilincic,Z-Velimirovic,D/JUG-ch Tivat/1994/}) 11. a4 a6 12. Qb3 Rb8 (12... Ne5
13. h3 $5 (13. f4 Neg4 14. Nc4 Nh5 15. e3 f5 16. Bd2 Rb8 17. a5 Qc7 18. Rfe1
Bd7 19. Bf3 Nhf6 20. Nb6 (20. Qb6 $5) 20... Re7 21. h3 Nh6 22. Kh2 Nf7 23. Qc4
Rbe8 $13 {Murugan,K-Hegde,R/IND-ch/1994/}) 13... Nh5 $2 14. Nde4 $1 Rb8 15. f4
f5 16. fxe5 Bxe5 (16... fxe4 17. Nxe4 Bxe5 18. g4 Ng7 19. Bg5 $40) 17. Bg5 Qc7
18. g4 $1 fxg4 19. hxg4 Bxg4 20. Nf6+ Bxf6 21. Bxf6 Nxf6 22. Rxf6 c4 23. Qb4
$18 {Maiwald,JU-Steil,J/Hamburg op/1992/}) 13. Nc4 Ne5 14. Nb6 (14. Nxe5 Rxe5
15. Bf4 Re8 16. a5 b5 17. axb6 Rxb6 18. Qc2 Qe7 $13) 14... Nh5 $146 (14... Ned7
15. Nc4 Ne5 16. Nb6 Ned7 17. Nxc8 Qxc8 18. a5 b5 19. axb6 Rxb6 20. Qa4 c4 21.
Ra2 Ng4 22. h3 Ngf6 $132 {Johansen,D-Rogers,I/Sydney Mercantile/1991/}) (14...
Nfd7 $5 15. Nxc8 Qxc8 16. h3 (16. a5 $142 b5 $13) 16... b5 $1 17. axb5 axb5 18.
Ra5 b4 19. Ne4 Qc7 20. Qa2 b3 21. Qa1 Nf6 22. Ra7 Qd8 23. Bg5 h6 $1 $17 {
Sakajev,K-Anastasian,A/Frunze op/1989/}) (14... Bf5 15. e4 (15. a5 $5) 15...
Bh3 $1 16. Bxh3 Nf3+ 17. Kh1 Nd4 18. Qd1 Qxb6 19. a5 Qc7 20. f3 b5 21. axb6
Rxb6 22. Ra2 Reb8 23. Ne2 Ne8 $15 {Roizen,N-Bach,A/ATI-Homorod-C/1993/}) 15. h3
(15. e4 f5 $132) 15... f5 16. Kh2 {/\f4} (16. f4 $6 Nxg3 17. fxe5 Nxf1 18. Kxf1
Bxe5 $17) (16. a5 $5 {/\} g5 17. Nxc8 Rxc8 18. Qxb7 $13) 16... g5 $5 17. Nxc8
Rxc8 18. e4 $6 (18. Qxb7 $142 f4 $1 (18... Rb8 19. Qxa6 Rb6 20. Qa7 {/\} Re7 $2
21. Bxg5) 19. Qb3 $5 (19. g4 Nf6 $44 {/\h5->}) (19. Ne4 Rb8 20. Qxa6 Rb6 21.
Qa5 Nc4 $36) 19... fxg3+ 20. fxg3 g4 21. Ne4 $13) (18. f4 gxf4 19. gxf4 Ng4+ $1
20. hxg4 Qh4+ $40) 18... f4 $36 19. Qd1 (19. g4 f3 $5 (19... Nf6 $17) 20. gxh5
fxg2 21. Kxg2 g4 $1 $40) (19. Ne2 c4 20. Qa3 Rf8 $17) (19. Qxb7 fxg3+ 20. fxg3
Nd3 $40 {><g3}) 19... fxg3+ 20. fxg3 Nf6 21. Bxg5 $6 (21. Qe2 h6 $15) 21...
Nfg4+ 22. hxg4 Qxg5 $17 23. Bh3 (23. Rf4 Rf8 $40) 23... Nc4 $1 24. Rf5 Qe3 25.
Rf3 (25. Qe2 Qxe2+ 26. Nxe2 Rxe4 $19) (25. Qc2 Nxb2 26. Qxb2 Bxc3 27. Ra3 Qxg3+
$1 28. Kxg3 Bxb2 $17) 25... Qd2+ $1 26. Qxd2 Nxd2 27. Rf4 Nc4 28. g5 (28. Rb1
Nxb2 29. Rxb2 Bxc3 30. Rxb7 Be5 $17 {o^c}) 28... Nxb2 $5 (28... Rb8 29. Be6+
$132) 29. Bxc8 Rxc8 30. Rf6 $2 (30. Rc1 $2 Nd3) (30. Rf3 $8 Nc4 $5 (30... c4
31. a5 $1 Nd3 32. Ra3 $13) 31. Ra2 (31. a5 $6 Nd2 32. Re3 (32. Rd3 c4 $1 $17)
32... Bd4 33. Rd3 c4 $1 34. Rxd4 Nf3+ $17) 31... Ne5 32. Rf4 b6 $5 {/\Rb8,b5-/+
}) 30... Nc4 $1 31. Raf1 (31. Rf3 Ne5 (31... b5 $5 $19) 32. Rff1 Ng4+ 33. Kh3
Bxc3 34. Kxg4 Bxa1 35. Rxa1 b5 $19) 31... Bxf6 32. Rxf6 (32. gxf6 $142 {
/\e5!<=>} Ne5 (32... Kf7 33. e5 Nxe5 34. Ne4 Rd8 35. Rb1 $132) 33. Rb1 Rc7 34.
Rb6 Rd7 {/\Kf7-f6-+}) 32... Rf8 $1 $19 33. e5 (33. Re6 Rf3 $19) 33... Rxf6 34.
exf6 (34. gxf6 Nxe5 35. Ne4 b5 36. axb5 axb5 37. Nxd6 b4 $19) 34... Na3 $1 35.
Ne4 c4 36. Kh3 (36. Nxd6 $2 c3) 36... Nb1 37. Kg4 c3 38. Nf2 $8 c2 39. Nd3 Nc3
40. Kf5 Kf7 $1 41. Nc1 (41. a5 Na2 $19) 41... Nxa4 42. Ke4 Nb6 43. Kd3 Nxd5 44.
Kxc2 Nc7 {/\Ne6} 45. Nb3 Ne6 46. Na5 b5 47. Nb7 d5 (47... Nxg5 48. Nxd6+ Kxf6
$19) 48. Nd6+ Kg6 (48... Kg6 49. f7 Kxg5 {/\Kf6-e7}) 0-1

[Event "Belgrade"]
[Site "Belgrade"]
[Date "1994.??.??"]
[Round "2"]
[White "Velimirovic, Dragoljub"]
[Black "Spasov, Vasil"]
[Result "1/2-1/2"]
[WhiteElo "2525"]
[BlackElo "2525"]
[PlyCount "104"]
[EventDate "1994.??.??"]
[EventType "tourn"]
[EventRounds "9"]
[EventCountry "YUG"]
[EventCategory "12"]
[Source "ChessBase"]
[SourceDate "1994.12.01"]
[WhiteTeamCountry "YUG"]
[BlackTeamCountry "YUG"]

1. e4 c5 2. Nf3 Nc6 3. d4 cxd4 4. Nxd4 Nf6 5. Nc3 e5 6. Ndb5 d6 7. Bg5 a6 8.
Na3 b5 9. Bxf6 gxf6 10. Nd5 Bg7 11. c3 Ne7 12. Nxe7 Qxe7 13. Nc2 Qb7 14. Ne3
Qxe4 15. Qxd6 Be6 16. Rd1 Qb7 17. Be2 Bf8 18. Qd3 e4 19. Qd4 Be7 20. Nd5 Bxd5
21. Qxd5 Qxd5 22. Rxd5 Rd8 23. Rxd8+ Kxd8 24. Bg4 Rg8 25. Bf5 Rxg2 26. Bxe4 Rg5
27. Ke2 Bc5 28. h4 Re5 29. Kf3 f5 30. Rd1+ Kc7 31. Bd5 f6 32. b3 a5 33. c4 bxc4
34. bxc4 Re8 35. h5 Rb8 36. Rd2 a4 37. Kf4 a3 38. Be6 Bd6+ 39. Kf3 Rb2 40. Rxb2
axb2 41. Bxf5 h6 42. Kg4 Bc5 43. f3 Kd6 44. Kf4 Ba3 45. Bb1 Ke6 46. Ke4 Bc5 47.
a4 f5+ 48. Kd3 Ke5 49. Kc3 f4 50. Kxb2 Kd6 51. Kc3 Ke5 52. a5 Kd6 1/2-1/2

[Event "Belgrade"]
[Site "Belgrade"]
[Date "1994.??.??"]
[Round "3"]
[White "Damljanovic, Branko"]
[Black "Velimirovic, Dragoljub"]
[Result "1-0"]
[WhiteElo "2505"]
[BlackElo "2525"]
[PlyCount "81"]
[EventDate "1994.??.??"]
[EventType "tourn"]
[EventRounds "9"]
[EventCountry "YUG"]
[EventCategory "12"]
[Source "ChessBase"]
[SourceDate "1994.12.01"]
[WhiteTeamCountry "YUG"]
[BlackTeamCountry "YUG"]

1. Nc3 c5 2. e4 Nc6 3. Bb5 g6 4. Bxc6 bxc6 5. d3 Bg7 6. Nge2 d6 7. O-O Nf6 8.
Bd2 O-O 9. Qc1 Nh5 10. Bh6 e5 11. Bxg7 Kxg7 12. f4 exf4 13. Nxf4 Nxf4 14. Qxf4
Qe7 15. Rae1 f6 16. Qd2 Qe5 17. Nd1 a5 18. c3 Be6 19. d4 Qh5 20. b3 c4 21. Ne3
cxb3 22. d5 cxd5 23. exd5 Bf7 24. axb3 Rfe8 25. Qd4 Qe5 26. Nf5+ gxf5 27. Rxe5
Rxe5 28. c4 a4 29. Ra1 Rb8 30. bxa4 Re2 31. a5 Rbb2 32. a6 Rxg2+ 33. Kf1 Ra2
34. Rxa2 Rxa2 35. Qb6 f4 36. a7 Ra1+ 37. Kf2 Ra2+ 38. Kf3 Bh5+ 39. Kxf4 Kg6 40.
Ke3 Ra3+ 41. Kd2 1-0

[Event "Belgrade"]
[Site "Belgrade"]
[Date "1994.??.??"]
[Round "4"]
[White "Velimirovic, Dragoljub"]
[Black "Shipov, Sergei"]
[Result "1-0"]
[WhiteElo "2525"]
[BlackElo "2525"]
[PlyCount "69"]
[EventDate "1994.??.??"]
[EventType "tourn"]
[EventRounds "9"]
[EventCountry "YUG"]
[EventCategory "12"]
[Source "ChessBase"]
[SourceDate "1994.12.01"]
[WhiteTeamCountry "YUG"]
[BlackTeamCountry "YUG"]

1. e4 c5 2. Nf3 d6 3. d4 cxd4 4. Nxd4 Nf6 5. Nc3 a6 6. Be3 e6 7. f3 b5 8. g4
Bb7 9. Qd2 Nfd7 10. O-O-O Nb6 11. Bd3 N8d7 12. Kb1 Rc8 13. h4 b4 14. Nce2 d5
15. Ng3 Ne5 16. Qe2 Bc5 17. f4 Nec4 18. Bxc4 Nxc4 19. g5 Qc7 20. Rh2 Nxe3 21.
Qxe3 dxe4 22. Nxe4 O-O 23. Nxc5 Qxc5 24. h5 Rfe8 25. h6 e5 26. Re2 Rcd8 27.
fxe5 Rd5 28. Qf4 Rdxe5 29. Rxe5 Qxe5 30. Qxe5 Rxe5 31. Nf5 Bd5 32. c4 Rxf5 33.
cxd5 Kf8 34. hxg7+ Kxg7 35. d6 1-0

[Event "Belgrade"]
[Site "Belgrade"]
[Date "1994.??.??"]
[Round "6"]
[White "Kosic, Dragan"]
[Black "Velimirovic, Dragoljub"]
[Result "0-1"]
[WhiteElo "2525"]
[BlackElo "2525"]
[Annotator "Ftacnik,L"]
[PlyCount "98"]
[EventDate "1994.??.??"]
[EventType "tourn"]
[EventRounds "9"]
[EventCountry "YUG"]
[EventCategory "12"]
[Source "ChessBase"]
[SourceDate "1994.12.01"]
[WhiteTeamCountry "YUG"]
[BlackTeamCountry "YUG"]

1. d4 c5 2. e3 Nf6 3. Nf3 g6 4. c4 Bg7 5. Nc3 cxd4 6. exd4 d5 7. Be2 O-O 8. O-O
Nc6 9. cxd5 $6 Nxd5 10. Bg5 (10. Qb3 Be6 11. Qxb7 Ncb4 12. Nxd5 Nxd5 13. Ng5
Bxd4 14. Nxe6 fxe6 15. Qa6 Qb6 16. Qxb6 axb6 17. Bg4 Kg7 18. Bxe6 Rxf2 19. Rxf2
Rf8 20. Bxd5 Rxf2 21. Bh6+ Kxh6 22. Kh1 Bxb2 23. Rb1 e5 24. g3 $17 {
Roux Cabral,F-Cuellar Gacharna,M/Havana Pan American/1966/0-1 (56)}) 10... h6
11. Be3 (11. Bh4 Be6 12. Qa4 a6 13. Ne4 Nf4 14. Bd1 g5 15. Bg3 b5 16. Qa3 Bc4
17. Re1 Nd3 18. Re3 b4 19. Qa4 {Del Barrio,J-Hoffman,A/Mesa op/1992/0-1 (19)})
(11. Bd2 Be6 12. h3 Kh7 13. Ne4 Qb6 14. Bc3 Rad8 15. Nc5 Bc8 16. Qd2 e5 17. Na4
Qc7 18. dxe5 Qb8 19. Rad1 Ndb4 20. Qe3 Nxa2 21. Bd4 b5 22. Nc5 Nab4 23. Qb3 a5
24. Rd2 $17 {Van Manen,L-Van Rijn,A/Leeuwarden op (06)/1993/0-1 (27)}) 11...
Nxe3 12. fxe3 e5 $1 13. d5 Ne7 14. e4 Bd7 15. Kh1 (15. Qb3 b5 $1 {/\ Qb6})
15... Nc8 16. Nd2 f5 (16... Nd6 17. Nc4) 17. Qb3 Qb6 18. Bb5 (18. Qxb6 Nxb6 $15
{^^}) 18... Bxb5 19. Nxb5 a6 20. d6+ Rf7 21. Nc7 (21. d7 Ne7 22. Na3 Qxb3 23.
Nxb3 Rd8 $17) 21... Qxb3 22. axb3 Rb8 23. Nc4 (23. Ne8 $5 Nb6 24. Nxg7 Kxg7 $17
) 23... Nxd6 24. Nxd6 Rxc7 25. exf5 Rd8 26. Nc4 (26. f6 Rxd6 27. fxg7 Rd2 $17)
26... gxf5 27. Rxf5 Rd3 28. Rf3 (28. Nxe5 $2 Rd5 29. Re1 Rxe5 30. Rfxe5 Bxe5
$19) 28... e4 $1 29. Rxd3 (29. Rg3 b5 30. Ne3 Rxb3 $17) 29... exd3 30. Rd1 b5
31. Ne3 (31. Nd2 Bxb2 $19) 31... Bxb2 32. Rxd3 Rc1+ 33. Rd1 (33. Nd1 a5 34. g3
a4 35. bxa4 bxa4 36. Kg2 a3 $19) 33... Rxd1+ 34. Nxd1 Bd4 $1 {x Nd1} 35. b4 Kf7
36. g4 Ke6 37. Kg2 Kd5 38. Kf3 Kc4 39. Ke4 Bh8 40. Ne3+ Kxb4 41. Kd5 (41. Nf5
Kc3 42. Nxh6 b4 43. Nf5 b3 44. Ne3 b2 45. Nd1+ Kb3 46. Nxb2 Kxb2 47. h4 a5 48.
g5 a4 49. h5 a3 50. h6 a2 51. g6 a1=Q 52. g7 Qh1+ $19) 41... a5 42. Kc6 a4 43.
Nc2+ (43. Nd5+ Kb3 44. Kxb5 a3 45. Nb4 Bc3 $19) 43... Ka5 44. Na3 b4 45. Nc4+
Ka6 46. Kc5 Bc3 $1 47. Ne3 a3 48. Kc4 a2 49. Nc2 Ka5 (49... Ka5 50. Kb3 a1=Q
51. Nxa1 Bxa1 $19) 0-1

[Event "Belgrade"]
[Site "Belgrade"]
[Date "1994.??.??"]
[Round "7"]
[White "Velimirovic, Dragoljub"]
[Black "Skembris, Spyridon"]
[Result "0-1"]
[WhiteElo "2525"]
[BlackElo "2525"]
[PlyCount "88"]
[EventDate "1994.??.??"]
[EventType "tourn"]
[EventRounds "9"]
[EventCountry "YUG"]
[EventCategory "12"]
[Source "ChessBase"]
[SourceDate "1994.12.01"]
[WhiteTeamCountry "YUG"]
[BlackTeamCountry "YUG"]

1. e4 e5 2. Nf3 Nc6 3. c3 Nf6 4. d4 Nxe4 5. d5 Nb8 6. Nxe5 Qe7 7. Qd4 Nd6 8.
Qe3 Nf5 9. Qe2 d6 10. Nf3 Nd7 11. g4 Qxe2+ 12. Bxe2 Ne7 13. c4 h5 14. gxh5 Nf6
15. Nc3 Bd7 16. h6 g6 17. Bg5 Neg8 18. O-O-O Bxh6 19. h4 Ng4 20. Rdf1 a6 21.
Kd2 Kf8 22. Nd4 Bxg5+ 23. hxg5 Rxh1 24. Rxh1 Nxf2 25. Rh7 Nh3 26. Ne4 Re8 27.
Bf3 Re7 28. Bg2 f6 29. Nxf6 Rxh7 30. Nxh7+ Kg7 31. Ne6+ Bxe6 32. dxe6 Nf4 33.
Bxb7 Kxh7 34. Bxa6 Ne7 35. Bb7 Nxe6 36. b4 Nxg5 37. a4 Ne6 38. a5 Nd8 39. b5
Nxb7 40. a6 Na5 41. Kc3 Nc8 42. Kb4 Nc6+ 43. bxc6 Na7 44. c5 d5 0-1

[Event "Belgrade"]
[Site "Belgrade"]
[Date "1994.??.??"]
[Round "8"]
[White "Greenfeld, Alon"]
[Black "Velimirovic, Dragoljub"]
[Result "1-0"]
[WhiteElo "2600"]
[BlackElo "2525"]
[Annotator "Stohl,I"]
[PlyCount "89"]
[EventDate "1994.??.??"]
[EventType "tourn"]
[EventRounds "9"]
[EventCountry "YUG"]
[EventCategory "12"]
[Source "ChessBase"]
[SourceDate "1994.12.01"]
[WhiteTeamCountry "YUG"]
[BlackTeamCountry "YUG"]

1. d4 Nf6 2. Nf3 c5 3. d5 g6 4. g3 Bg7 5. Bg2 O-O 6. O-O d6 7. c4 a6 8. Nc3 (8.
a4 e6 $5 9. dxe6 Bxe6 10. Ng5 Bxc4 11. Na3 Be6 12. Bxb7 Ra7 13. Nxe6 fxe6 14.
Bg2 d5 15. Qc2 Qb6 16. Be3 Nfd7 17. Rab1 a5 $6 (17... Nc6 18. Rfc1 Bd4 $13) 18.
Nb5 Ra8 19. Rfc1 Na6 20. f4 Nc7 $2 21. Bxc5 Nxc5 22. Qxc5 Qxc5+ 23. Rxc5 $16 {
Lalic,B-Dam,R/Belfort op/1989/}) 8... b5 $5 (8... e6 9. dxe6 Bxe6 10. Bf4 $1
Nc6 11. Qxd6 Qa5 12. Nd2 $1 Ne8 13. Qd3 Rd8 14. Nd5 Nb4 15. Qb3 b5 16. Ne7+ Kh8
17. a3 bxc4 18. Nxc4 Qb5 19. Rac1 Rd4 20. axb4 Bxc4 21. Qe3 $16 {
Ribli,Z-Gofshtein,L/Manila olm/1992/}) 9. cxb5 axb5 (9... Nbd7 10. bxa6 Bxa6
11. Qc2 $14 {-A57}) 10. Nxb5 Ne4 $5 11. Nd2 (11. Qc2 $5 Ba6 (11... Bf5 12. g4
Nc3 13. gxf5 Nxb5 14. Bg5 $36) 12. Qxe4 Bxb5 13. Bg5 $14) (11. Ne1 Ba6 $1 12.
Na3 Nf6 13. Nec2 $13 {1/2:1/2,Drasko,M-Velimirovic,D/JUG-ch Tivat/1994/}) 11...
Nxd2 (11... Ba6 12. Nxe4 Bxb5 13. Nc3 Ba6 14. Bg5 $14) 12. Qxd2 Nd7 (12... Ba6
13. Nc3 Qa5 14. Qc2 Nd7 15. Bg5 (15. Bd2 $14) 15... Rfe8 16. Rfc1 h6 17. Bd2
Rec8 18. h4 h5 $13 19. g4 $6 hxg4 20. h5 gxh5 21. Qf5 Nf6 22. Ne4 Qb6 23. Nxf6+
exf6 24. Qxh5 Re8 $15 {Nestorovic,D-Velimirovic,D/Belgrade Beopromet/1993/})
13. Qc2 Qa5 14. Nc3 Ne5 (14... Nb6 $5 {/\Na4,Nc4~/=}) 15. Bg5 Re8 (15... Nc4
16. Ne4 $1 (16. Bxe7 Re8 17. Bg5 Nxb2 18. Ne4 Bf5 $36) 16... Nxb2 (16... f6 17.
Bxf6 exf6 18. Qxc4 $16) 17. Bxe7 Re8 18. Bxd6 $16) 16. Ne4 (16. Rac1 $5 {/\}
Nc4 17. b3 $14) 16... Bf5 17. Bd2 (17. b3 Nd7 $1 18. Bd2 Qa6 19. Bc3 Bxc3 20.
Qxc3 Bxe4 21. Bxe4 Qxe2 $10) 17... Qa4 18. b3 Qa3 $6 (18... Qd4 $5 19. Qc3 $5 (
19. Bc3 Qxd5 20. f4 Ng4 $5 (20... Nc6 21. Nf6+ Bxf6 22. Bxd5 Bxc2 23. Bxf6 Ra6
$13) 21. Bxg7 Kxg7 22. Qc3+ Qd4+ 23. Qxd4+ cxd4 $15) 19... Nd7 20. Qxd4 cxd4 $1
$13 {/\d3}) 19. Bc3 $14 Rec8 (19... c4 $142 $5 20. Kh1 $1 {/\b4,f4} (20. f4 Ng4
{/\Qa7}) (20. bxc4 Rec8 $44) (20. b4 Bxe4 21. Bxe4 Nf3+ 22. Bxf3 Bxc3 23. Rac1
Bb2 $17) 20... Rec8 21. b4 $14) 20. f4 c4 $6 (20... Ng4 21. Bxg7 Kxg7 22. Qc3+
Kg8 23. Nd2 $16 {|^[+]}) 21. fxe5 cxb3 22. axb3 $1 (22. Qb2 Bxe4 23. Bxe4 Rxc3
24. Qxc3 Bxe5 $44) 22... Qxa1 $8 23. Rxa1 Rxa1+ 24. Kf2 Bxe4 (24... Bxe5 25.
Qd2 Bxc3 (25... Bxe4 26. Bxa1 $18) 26. Nxc3 $18) 25. Bxe4 Bxe5 26. Bxe5 $8 Rxc2
27. Bxa1 $18 Rc8 (27... Ra2 28. Bd4 $18) 28. Bd3 $1 {_|_^^,o^b} e5 29. b4 (29.
dxe6 fxe6 30. b4 $18) 29... Kf8 30. Ke3 Ke7 31. Kd2 Kd8 32. Bc3 Kc7 (32... f5
33. Kc2 e4 34. Bb5 $18) 33. Kc2 Kb6 34. Kb3 (34. g4 $5 $18) 34... Ra8 35. Kb2 {
/\Bd2-e3} f5 36. Bd2 h5 37. Be3+ Kc7 38. b5 Ra4 39. b6+ Kb7 40. Kb3 (40. Bb5 $4
Rb4+) 40... Ra1 41. Bb5 $1 Rb1+ 42. Kc4 Rb2 43. Bc6+ Kb8 44. Kc3 Rb1 (44...
Rxe2 45. Bg5 {/\Be7+-}) 45. h4 $1 (45. h4 Kc8 $8 (45... Rf1 46. Bg5 Rb1 47. Be7
Rxb6 48. Bxd6+ Kc8 49. Bxe5 $18) 46. Be8 $18) 1-0

[Event "Cacak"]
[Site "Cacak"]
[Date "1994.??.??"]
[Round "?"]
[White "Damljanovic, Branko"]
[Black "Velimirovic, Dragoljub"]
[Result "1-0"]
[WhiteElo "2560"]
[BlackElo "2490"]
[PlyCount "99"]
[EventDate "1994.??.??"]
[EventType "tourn"]
[EventRounds "10"]
[EventCountry "YUG"]
[EventCategory "8"]
[Source "ChessBase"]
[SourceDate "2001.11.25"]
[WhiteTeamCountry "YUG"]
[BlackTeamCountry "YUG"]

1. Nf3 c5 2. c4 g6 3. d4 Bg7 4. e4 Na6 5. Nc3 d6 6. Be2 Nf6 7. O-O O-O 8. Rb1
Bg4 9. d5 Nc7 10. Bf4 Rb8 11. a4 a6 12. a5 b6 13. axb6 Rxb6 14. b3 Nh5 15. Bd2
Nf4 16. Bxf4 Bxc3 17. Nd2 Bxe2 18. Qxe2 e6 19. Qd3 Bg7 20. Nf3 exd5 21. exd5
Ne8 22. Bd2 Rb7 23. b4 cxb4 24. Rxb4 Rxb4 25. Bxb4 a5 26. Ba3 Nf6 27. Nd4 Re8
28. Nc6 Qc7 29. Qc2 Nd7 30. Qa4 Bc3 31. h3 Kf8 32. Qc2 Bg7 33. Qd2 Kg8 34. Qxa5
Qxa5 35. Nxa5 Ra8 36. Bb4 Ne5 37. Rd1 Bf8 38. f4 Nd7 39. Kf2 h5 40. Kf3 Rb8 41.
Nc6 Ra8 42. Ba5 f5 43. g4 hxg4+ 44. hxg4 fxg4+ 45. Kxg4 Bh6 46. Rh1 Bg7 47. Re1
Bf8 48. Kg5 Kf7 49. Re6 Nb8 50. Nd8+ 1-0

[Event "Niksic"]
[Site "Niksic"]
[Date "1994.??.??"]
[Round "?"]
[White "Blagojevic, Dragisa"]
[Black "Velimirovic, Dragoljub"]
[Result "1/2-1/2"]
[WhiteElo "2500"]
[BlackElo "2530"]
[PlyCount "91"]
[EventDate "1994.??.??"]
[EventType "tourn"]
[EventRounds "11"]
[EventCountry "YUG"]
[Source "ChessBase"]
[SourceDate "1997.11.17"]
[WhiteTeamCountry "YUG"]
[BlackTeamCountry "YUG"]

1. d4 c5 2. d5 Nf6 3. c4 e6 4. Nc3 exd5 5. cxd5 d6 6. e4 g6 7. h3 Bg7 8. Nf3
O-O 9. Bd3 b5 10. Bxb5 Nxe4 11. Nxe4 Qa5+ 12. Nfd2 Qxb5 13. Nxd6 Qd3 14. N2c4
Qxd1+ 15. Kxd1 Ba6 16. Bg5 Nd7 17. Kc2 Ne5 18. Nxe5 Bxe5 19. Ne4 f6 20. Be3
Rac8 21. Nc3 Rfd8 22. Rhd1 Bb7 23. g3 Kf7 24. Rd3 Bxc3 25. Rxc3 Rxd5 26. Rc1
Rh5 27. h4 Be4+ 28. Kd2 Rd5+ 29. Ke1 g5 30. hxg5 fxg5 31. Rxc5 Rcxc5 32. Bxc5
a6 33. Ke2 h5 34. Ke3 Bf5 35. Bd4 h4 36. gxh4 gxh4 37. Rc6 a5 38. Rf6+ Ke7 39.
Rh6 h3 40. b3 Bg4 41. Rh4 Rh5 42. Rxh5 Bxh5 43. Be5 Kd7 44. Kd4 Kc6 45. Bg3 Bf3
46. a3 1/2-1/2

[Event "Niksic"]
[Site "Niksic"]
[Date "1994.??.??"]
[Round "?"]
[White "Kontic, Djordjije"]
[Black "Velimirovic, Dragoljub"]
[Result "0-1"]
[WhiteElo "2365"]
[BlackElo "2530"]
[PlyCount "63"]
[EventDate "1994.??.??"]
[EventType "tourn"]
[EventRounds "11"]
[EventCountry "YUG"]
[Source "ChessBase"]
[SourceDate "1997.11.17"]
[WhiteTeamCountry "YUG"]
[BlackTeamCountry "YUG"]

1. e4 c5 2. Ne2 Nc6 3. d4 cxd4 4. Nxd4 g6 5. Nc3 Bg7 6. Be3 Nf6 7. Bc4 O-O 8.
Bb3 a5 9. a4 Ng4 10. Qxg4 Nxd4 11. Qh4 Ra6 12. Nd5 Re6 13. Rc1 b5 14. axb5 a4
15. Bc4 Nxb5 16. O-O Ba6 17. c3 Qc8 18. Ba2 Re8 19. Nb6 Rxb6 20. Bxb6 a3 21.
Ba5 axb2 22. Rb1 Nxc3 23. Bxc3 Qxc3 24. Qg3 Qxg3 25. hxg3 Bxf1 26. Kxf1 Rc8 27.
Rd1 d6 28. Ke2 h5 29. f4 Rc1 30. Bb1 Bd4 31. Kd2 Bf2 32. f5 0-1

[Event "Niksic"]
[Site "Niksic"]
[Date "1994.??.??"]
[Round "?"]
[White "Nikac, Predrag"]
[Black "Velimirovic, Dragoljub"]
[Result "1/2-1/2"]
[WhiteElo "2260"]
[BlackElo "2530"]
[PlyCount "81"]
[EventDate "1994.??.??"]
[EventType "tourn"]
[EventRounds "11"]
[EventCountry "YUG"]
[Source "ChessBase"]
[SourceDate "1997.11.17"]
[WhiteTeamCountry "YUG"]
[BlackTeamCountry "YUG"]

1. e4 c5 2. Nf3 Nc6 3. d4 cxd4 4. Nxd4 Nf6 5. Nc3 g6 6. Nxc6 bxc6 7. e5 Ng8 8.
Bc4 Bg7 9. Qf3 f5 10. Bf4 e6 11. O-O Qc7 12. Rfe1 Rb8 13. Rad1 Rb4 14. b3 Nh6
15. Na4 Nf7 16. Qg3 g5 17. Bxg5 Bxe5 18. Rxe5 Qxe5 19. Qxe5 Nxe5 20. Bf6 Nf7
21. Bxh8 Nxh8 22. c3 Rb8 23. f4 Ng6 24. g3 Ke7 25. Be2 d6 26. Nb2 c5 27. Kf2
Bd7 28. Rd2 Bc6 29. Nc4 Bd5 30. Nxd6 Kxd6 31. c4 a5 32. h3 Rb4 33. Bf3 Ne7 34.
g4 a4 35. gxf5 axb3 36. axb3 Nxf5 37. cxd5 Rxf4 38. dxe6+ Kxe6 39. Re2+ Kf6 40.
Re4 Rxe4 41. Bxe4 1/2-1/2

[Event "Niksic"]
[Site "Niksic"]
[Date "1994.??.??"]
[Round "?"]
[White "Tringov, Georgi"]
[Black "Velimirovic, Dragoljub"]
[Result "1/2-1/2"]
[WhiteElo "2430"]
[BlackElo "2530"]
[PlyCount "102"]
[EventDate "1994.??.??"]
[EventType "tourn"]
[EventRounds "11"]
[EventCountry "YUG"]
[Source "ChessBase"]
[SourceDate "1997.11.17"]
[WhiteTeamCountry "YUG"]
[BlackTeamCountry "YUG"]

1. Nf3 Nf6 2. d4 c5 3. c4 g6 4. Nc3 Bg7 5. e4 d6 6. Be2 O-O 7. O-O Na6 8. b3
Bg4 9. Be3 Qa5 10. Rc1 cxd4 11. Nxd4 Bxe2 12. Qxe2 Nc5 13. Bd2 Qb6 14. Nc2 Rfe8
15. Be3 Qc7 16. f3 a6 17. Nd4 b6 18. Qd2 Qb7 19. Bh6 Bh8 20. Rfd1 Ncd7 21. Nd5
Rac8 22. Nf5 Nxd5 23. cxd5 Rc5 24. Nd4 Rec8 25. Nc6 Ne5 26. Nxe5 Bxe5 27. Be3
Bc3 28. Qf2 Bb4 29. Rxc5 Bxc5 30. Rc1 a5 31. Kf1 a4 32. bxa4 Ra8 33. Qe2 Rxa4
34. Bh6 Qa8 35. Rc2 f6 36. Be3 Rb4 37. Bxc5 bxc5 38. Rb2 Ra4 39. h4 Kf7 40. h5
gxh5 41. Qf2 Qa6+ 42. Kg1 Qc4 43. Kh2 Qc3 44. Rb8 Qe5+ 45. Qg3 Qxg3+ 46. Kxg3
Rxa2 47. Rh8 c4 48. Rxh7+ Ke8 49. Rxh5 Ra1 50. Rh8+ Kd7 51. Rb8 c3 1/2-1/2

[Event "Niksic"]
[Site "Niksic"]
[Date "1994.??.??"]
[Round "?"]
[White "Velimirovic, Dragoljub"]
[Black "Bogdanovski, Vlatko"]
[Result "1/2-1/2"]
[WhiteElo "2530"]
[BlackElo "2425"]
[PlyCount "23"]
[EventDate "1994.??.??"]
[EventType "tourn"]
[EventRounds "11"]
[EventCountry "YUG"]
[Source "ChessBase"]
[SourceDate "1997.11.17"]
[WhiteTeamCountry "YUG"]
[BlackTeamCountry "YUG"]

1. e4 d6 2. d4 Nf6 3. Nc3 g6 4. Nf3 Bg7 5. Be2 O-O 6. O-O Bg4 7. h3 Bxf3 8.
Bxf3 e5 9. dxe5 dxe5 10. Qxd8 Rxd8 11. Bg5 c6 12. Rad1 1/2-1/2

[Event "Niksic"]
[Site "Niksic"]
[Date "1994.??.??"]
[Round "?"]
[White "Velimirovic, Dragoljub"]
[Black "Cosma, Ioan"]
[Result "1-0"]
[WhiteElo "2530"]
[BlackElo "2375"]
[PlyCount "37"]
[EventDate "1994.??.??"]
[EventType "tourn"]
[EventRounds "11"]
[EventCountry "YUG"]
[Source "ChessBase"]
[SourceDate "1997.11.17"]
[WhiteTeamCountry "YUG"]
[BlackTeamCountry "YUG"]

1. e4 e6 2. d4 d5 3. Nc3 Nf6 4. Bg5 dxe4 5. Nxe4 Be7 6. Bxf6 Bxf6 7. Nf3 Nd7 8.
Qd2 O-O 9. O-O-O b6 10. Bc4 c6 11. g4 Be7 12. g5 Bb7 13. Qf4 Qb8 14. Qh4 c5 15.
d5 Ne5 16. Nxe5 Qxe5 17. Rhe1 Qf5 18. Bd3 h6 19. f4 1-0

[Event "Niksic"]
[Site "Niksic"]
[Date "1994.??.??"]
[Round "?"]
[White "Velimirovic, Dragoljub"]
[Black "Ivanovic, Bozidar"]
[Result "1/2-1/2"]
[WhiteElo "2530"]
[BlackElo "2470"]
[PlyCount "27"]
[EventDate "1994.??.??"]
[EventType "tourn"]
[EventRounds "11"]
[EventCountry "YUG"]
[Source "ChessBase"]
[SourceDate "1997.11.17"]
[WhiteTeamCountry "YUG"]
[BlackTeamCountry "YUG"]

1. e4 e5 2. Nf3 Nc6 3. Bb5 a6 4. Ba4 Nf6 5. O-O Be7 6. Re1 b5 7. Bb3 d6 8. c3
O-O 9. h3 Na5 10. Bc2 c5 11. d4 Qc7 12. Nbd2 Bd7 13. d5 c4 14. Nf1 1/2-1/2

[Event "Niksic"]
[Site "Niksic"]
[Date "1994.??.??"]
[Round "?"]
[White "Velimirovic, Dragoljub"]
[Black "Miljanic, Boro"]
[Result "1-0"]
[WhiteElo "2530"]
[BlackElo "2430"]
[PlyCount "43"]
[EventDate "1994.??.??"]
[EventType "tourn"]
[EventRounds "11"]
[EventCountry "YUG"]
[Source "ChessBase"]
[SourceDate "1997.11.17"]
[WhiteTeamCountry "YUG"]
[BlackTeamCountry "YUG"]

1. e4 g6 2. d4 Bg7 3. Nc3 c6 4. Nf3 d5 5. Bd3 Bg4 6. h3 dxe4 7. Nxe4 Bxf3 8.
Qxf3 Qxd4 9. O-O Nf6 10. Nxf6+ Qxf6 11. Qg3 O-O 12. Bg5 Qxb2 13. Rab1 Qxa2 14.
Rxb7 Qd5 15. Bxe7 c5 16. Bxf8 Qxb7 17. Bxg7 Kxg7 18. Qe5+ f6 19. Be4 Nc6 20.
Qe6 Rc8 21. Rd1 Rc7 22. Rd6 1-0